Textbook of physical chemistry / (Record no. 90053)

MARC details
000 -LEADER
fixed length control field 00614nam a22002057a 4500
005 - DATE AND TIME OF LATEST TRANSACTION
control field 20141127144101.0
010 ## - LCCN (DPL NO)
LC control number ENG-111234
020 ## - INTERNATIONAL STANDARD BOOK NUMBER
International Standard Book Number 9788120350625
Terms of availability 595.00
035 ## - SYSTEM CONTROL NUMBER
System control number EN-94766
037 ## - SOURCE OF ACQUISITION
Source of stock number/acquisition DBAD/PUB
082 ## - DEWEY DECIMAL CLASSIFICATION NUMBER
Classification number 541.3
100 ## - MAIN ENTRY--PERSONAL NAME
Personal name Moudgil, Harish Kumar
245 ## - TITLE STATEMENT
Title Textbook of physical chemistry /
Statement of responsibility, etc by Harish Kumar Moudgil
250 ## - EDITION STATEMENT
Edition statement 2nd ed
260 ## - PUBLICATION, DISTRIBUTION, ETC. (IMPRINT)
Place of publication, distribution, etc Delhi
Name of publisher, distributor, etc PHI Learning
Date of publication, distribution, etc 2015
270 ## - ADDRESS
Address Rimjhim House, 111, Patparganj Industrial Estate
City Delhi
Postal code 110092
300 ## - PHYSICAL DESCRIPTION
Extent xxviii,680p. :
Dimensions 24cm(pbk)
Other physical details ill.
500 ## - GENERAL NOTE
General note Includes index
942 ## - ADDED ENTRY ELEMENTS (KOHA)
Source of classification or shelving scheme Dewey Decimal Classification
Item type English Books
Call number suffix MOU
Classification part 541.3
Holdings
Withdrawn status Lost status Not for loan Collection code Home library Current library Date acquired Source of acquisition Cost, normal purchase price Full call number Barcode Copy number Cost, replacement price Koha item type
    Not For Loan Non-fiction D.B.Act.Division D.B.Act.Division 14/11/2014 DBAD/PUB 595.00 541.3 MOU EN-94766 1 595.00 English Books

© Delhi Public Library
Hit Counter
free hit counter